000 00753nam a22002297a 4500
005 20220510091230.0
008 220510b ||||| |||| 00| 0 eng d
020 _a8171678181
040 _cAloy
041 _aeng
082 _223
_a821.75
_bMOOL
100 _aThomas Moore
_935249
245 _aLalla rookh:
_bAn oriental romance
260 _aNew Delhi:
_bRupa & Co,
_c2003.
300 _a379p.
_bPB
_c21x14cm
365 _b195.00
_c
_d195.00
520 _aMoore's Lalla Rookh can be placed amongst those great works that have withstood the test of time. His description of the East is exquisitely faithful.
650 _aEnglish Poetry
_935242
650 _aEnglish Literature
_935243
700 _aMOORE (Thomas)
_935244
942 _2ddc
_cGF
999 _c222853
_d222853